Formule 1 - Pilotes de 2025 - Statistiques

Statistiques générales
  • Ce quiz a été pris 3 365 fois
    533 depuis la dernière actualisation
  • Le résultat moyen est 21 sur 23
Statistiques - réponses
Hint Réponse % Correct
Ferrarri Charles Leclerc
99%
McLaren Lando Norris
99%
Ferrarri Lewis Hamilton
99%
Alpine Pierre Gasly
99%
Red Bull Max Verstappen
98%
McLaren Oscar Piastri
98%
Red Bull Yuki Tsunoda
96%
Racing Bulls Yuki Tsunoda
96%
Haas Esteban Ocon
95%
Aston Martin Fernando Alonso
95%
Mercedes Andrea Kimi Antonelli
94%
Mercedes George Russell
94%
Racing Bulls Isack Hadjar
93%
Aston Martin Lance Stroll
93%
Williams Carlos Sainz
92%
Kick Sauber (Audi) Nico Hülkenberg
92%
Williams Alexander Albon
90%
Red Bull Liam Lawson
89%
Racing Bulls Liam Lawson
89%
Haas Oliver "Ollie" Bearman
89%
Alpine Franco Colapinto
88%
Kick Sauber (Audi) Gabriel Bortoleto
85%
Alpine Jack Doohan
80%
Aucun quiz correspondant
Distribution des résultats
% des personnes avec chaque résultat
Percentile par nombre de réponses
Votre historique - résultats
Vous n’avez pas pris ce quiz depuis la dernière actualisation